000 00899nam a22003017a 4500
999 _c4237
_d234741
020 _a9789872747817
080 _a349.6/ 8 C 171
100 _aCapelluto, Marcelo Fabián
245 _aManual de Derecho Ambiental
_by de la conservacion y explotacion racional de los Recursos Naturales
260 _aBuenos Aires
_bEl Puente del Saber
_c2013
300 _a350 P.
_c20 X 14 Cm.
650 _xderecho ambiental
650 _xmedio ambiente
650 _xrecursos naturales
650 _xdaño ambiental
650 _xley de acceso a la informacion publica
650 _xamparo ambiental
650 _xcaso Siri
650 _xcaso Kot
650 _xcontaminacion urbana
650 _xresiduos peligrosos
650 _xderecho de aguas
650 _xreciclado
650 _xCuenca Matanza- Riachuelo
650 _xAcuifero Puelche
942 _6_
945 _acd
_d2015-11-17